Bizancio : revista de cultura oriental cristiana /

Este volúmen está dedicado al estudio de la cultura y la historia de Persia.

Uloženo v:
Podrobná bibliografie
Médium: Kniha
Jazyk:španělština
Vydáno: Guadalajara, México : editorial no identificada, 1948
Témata:
Tagy: Přidat tag
Žádné tagy, Buďte první, kdo vytvoří štítek k tomuto záznamu!

MARC

LEADER 00000nam^a2200000^a^4500
001 000133094
005 20250521000000.0
009 20260310095119.074
037 |a Acervo ITESO - Biblioteca 
041 |a ESP 
082 |a 050.  |b BIZ 1948 V. 4 
240 1 1 |a [Bizancio] 
245 0 0 |a Bizancio :  |b revista de cultura oriental cristiana /  |c Dir. de L. de Bibiesco. 
264 1 |a Guadalajara, México :  |b editorial no identificada,  |c 1948 
300 |a 20 p. 
336 |a texto  |b txt  |2 rdacontenido 
337 |a sin mediación  |b n  |2 rdamedio 
338 |a volumen  |b nc  |2 rdasoporte 
520 |a Este volúmen está dedicado al estudio de la cultura y la historia de Persia. 
649 |a XX 
650 |a Publicaciones Periódicas Mexicanas 
650 |a Irán -  |x Historia 
650 |a Arabes -  |x Historia 
650 |a Arte Persa -  |x Historia y Crítica 
650 |a Literatura Persa 
650 |a Historia Antigua 
910 |a Fondo Salvador Reynoso Reynoso 
920 |a Impresos - Libros 
930 |a Fondos Especiales 
905 |a 112 
901 |a 0800012748  |b IT2  |c ESP  |u 20250521 
902 |a https://opac.biblio.iteso.mx/vufind/Record/000133094